Language Quiz

Random Language or Spanish Quiz

Spanish Words Quiz Stats

Quiz not verified by Sporcle

Also try: Drop an S
Challenge
Share
Tweet
Embed
Score 0/192 Timer 20:00
0 Plays Today
Things % Correct
to the righta la derecha
67.9%
nearcerca
64.3%
lunchel almuerzo
64.3%
breadel pan
64.3%
cheeseel queso
64.3%
untilhasta
60.7%
foodla comida
60.7%
breakfastel desayuno
60.7%
starla estrella
60.7%
knifeel cuchillo
60.7%
plateel plato
60.7%
secondsegundo
60.7%
next toal lado
57.1%
dinnerla cena
57.1%
airportel aeropuerto
57.1%
drink, beveragela bebida
57.1%
saladla ensalada
57.1%
forkel tenedor
57.1%
riceel arroz
57.1%
kitchenla cocina
57.1%
firstprimero
57.1%
far fromlejos de
53.6%
carel carro
53.6%
fishel pescado
53.6%
potatola papa
53.6%
thirdtercero
53.6%
customsla aduana
50%
boatel barco
50%
spoonla cuchara
50%
glassel vaso
50%
billla cuenta
50%
ice creamel helado
50%
sixthsexto
50%
seventhsEptimo
50%
showerla ducha
50%
mirrorel espejo
50%
on topencima
46.4%
fromdesde
46.4%
towardhacia
46.4%
arrive on timellegar a tiempo
46.4%
turkeyel pavo
46.4%
onionla cebolla
46.4%
carrotla zanahoria
46.4%
still, yettodavIa
46.4%
not yettodavIa no
46.4%
already, nowya
46.4%
buildingel edificio
46.4%
fifthquinto
46.4%
seatel asiento
42.9%
flightel vuelo
42.9%
gloveslos guantes
42.9%
bloodla sangre
42.9%
keyla llave
42.9%
depositel depOsito
42.9%
washing machinela lavadora
42.9%
coinsmonedas
42.9%
fourthcuarto
42.9%
lettucela lechuga
42.9%
betweenentre
39.3%
tipla propina
39.3%
departurela salida
39.3%
vinegarel vinagre
39.3%
napkinla servilleta
39.3%
weightslas pesas
39.3%
Things % Correct
chickenel pollo
39.3%
suddenlyde repente
35.7%
suitcasela maleta
35.7%
cupla taza
35.7%
beanslos frijoles
35.7%
feverfiebre
35.7%
eighthoctavo
35.7%
tenthdEcimo
35.7%
chairla silla
35.7%
french frieslas papas fritas
35.7%
SUVla camioneta
32.1%
to go byir a
32.1%
pepperla pimienta
32.1%
ambulancela ambulancia
32.1%
coughtos
32.1%
furnishedamueblado
32.1%
vacuumla aspiradora
32.1%
coffee makerla cafetera
32.1%
dish washerel lavaplatos
32.1%
stovela estufa
32.1%
microwaveel microondas
32.1%
ninthnoveno
32.1%
adviceel consejo
32.1%
garlicel ajo
32.1%
in frontdelante
28.6%
truckel camiOn
28.6%
prescriptionla receta
28.6%
brakeslos frenos
28.6%
license platela placa
28.6%
frequentlya menudo
28.6%
expenseslos gastos
28.6%
refrigeratorla nevera
28.6%
dining roomel comedor
28.6%
hallwayel pasillo
28.6%
kitchen sinkel frigadero
28.6%
cornel maIz
28.6%
bettermejor
28.6%
riverel rIo
28.6%
luggageel equipaje
25%
wheel, tirela llanta
25%
gas stationla gasolinera
25%
seat beltel cinturOn de seguridad
25%
freezerel congelador
25%
toasterla tostadora
25%
ovenel horno
25%
carpetla alfombra
25%
easy chairel sillOn
25%
boatel barco
25%
oldermayor
25%
lakeel lago
25%
seael mar
25%
underdebajo de
21.4%
bellboyel botones
21.4%
layoverla escala
21.4%
boarding passla tarjeta de embarque
21.4%
spinachlas espinacas
21.4%
bandageel vendaje
21.4%
syrupel jarabe
21.4%
parking lotel estacionamiento
21.4%
windshieldel parabrisas
21.4%
trunkel baUl
21.4%
rentel alquiler
21.4%
bathtubla baNera
21.4%
sinkel lavabo
21.4%
Things % Correct
bookshelf, shelfel estante
21.4%
eggslos huevos
21.4%
applela manzana
21.4%
orangela naranja
21.4%
to sendmandar
21.4%
worsepeor
21.4%
youngermenor
21.4%
mountainla montaNa
21.4%
coastla costa
21.4%
desertel desierto
21.4%
eastel este
21.4%
northel norte
21.4%
southel sur
21.4%
round tripel pasaje de ida y vuelta
17.9%
one wayel pasaje de ida
17.9%
helmetel casco
17.9%
injury, woundla herida
17.9%
coldcatarro
17.9%
flugripe
17.9%
windshield wipersel limpiaparabrisas
17.9%
toiletel inodoro
17.9%
strawberrieslas fresas
17.9%
townel pueblo
17.9%
valleyel valle
17.9%
bridgeel puente
17.9%
portel puerto
17.9%
junglela selva
17.9%
westel oeste
17.9%
arrive latellegar con retraso
14.3%
doorman, janitorel portero
14.3%
beefla carne de res
14.3%
stationla estaciOn
14.3%
arrivalla llegada
14.3%
cerealel cereal
14.3%
to downloadbajar
14.3%
search engineel buscador
14.3%
forrestel bosque
14.3%
trumpetla trompeta
14.3%
violinel violIn
14.3%
envelopeel sobre
14.3%
dresserla cOmoda
10.7%
silverwarelos cubiertos
10.7%
passwordla contraseNa
10.7%
waterfallla catarata
10.7%
highwayla autopista
10.7%
countrysideel campo
10.7%
@ symbolarroba
10.7%
orchestrala orquesta
10.7%
flutela flauta
10.7%
to stand in linehacer cola
10.7%
websiteel sitio web
10.7%
addressla dirreciOn
10.7%
packageel paquete
10.7%
stampla estampilla
10.7%
dropslas gotas
7.1%
closetel ropero
7.1%
peaslas arvejas
7.1%
baconel tocino
7.1%
mailboxel buzOn
7.1%
letterla carta
7.1%
postcardla tarjeta postal
7.1%
usernameel nombre de usuario
7.1%
hillla colina
3.6%
Band-Aidla curita
0%

You're not logged in!

Compare scores with friends on all Sporcle quizzes.
Join for Free
OR
Log In

You Might Also Like...

Show Comments

Extras

Top Quizzes Today


Score Distribution

Your Account Isn't Verified!

In order to create a playlist on Sporcle, you need to verify the email address you used during registration. Go to your Sporcle Settings to finish the process.

Report this User

Report this user for behavior that violates our Community Guidelines.

Details: